<?xml version="1.0" encoding="UTF-8"?>
<collection xmlns="http://www.loc.gov/MARC21/slim">
<record>
  <controlfield tag="001">2749</controlfield>
  <controlfield tag="005">20160701171710.0</controlfield>
  <datafield tag="037" ind1=" " ind2=" ">
    <subfield code="a">ASTROimport-906</subfield>
  </datafield>
  <datafield tag="100" ind1=" " ind2=" ">
    <subfield code="a">Vamvatira-Nakou, C.</subfield>
  </datafield>
  <datafield tag="260" ind1=" " ind2=" ">
    <subfield code="c">2013</subfield>
  </datafield>
  <datafield tag="245" ind1=" " ind2=" ">
    <subfield code="a">The Nebula around the Luminous Blue Variable WRAY 15-751 as seen by Herschel</subfield>
  </datafield>
  <datafield tag="520" ind1=" " ind2=" ">
    <subfield code="a">To understand the evolution of massive stars it is crucial to study the nebulae associated to Luminous Blue Variables which can reveal the star mass-loss history. We obtained far-infrared Herschel PACS imaging and spectroscopic observations of the nebula associated with the Luminous Blue Variable star WRAY 15-751. These images revealed a second nebula, bigger and cooler, lying in an empty cavity that probably delineates the remnant of the O-star bubble formed when the star was on the Main Sequence. The dust mass and temperature were derived from the modeling of the far-infrared SED. The analysis of the emission line spectrum revealed that the main nebula consists of a region of photoionised gas surrounded by a thin photodissociation region. Both regions are mixed with dust. The calculated C, N, O abundances, together with the estimated mass-loss rate, show that the nebula was ejected from the star during a Red Supergiant phase. This is compatible with the latest evolutionary tracks for a ~40 Mo star with little rotation. </subfield>
  </datafield>
  <datafield tag="700" ind1=" " ind2=" ">
    <subfield code="a"> Hutsemekers, D.</subfield>
  </datafield>
  <datafield tag="700" ind1=" " ind2=" ">
    <subfield code="a"> Royer, P.</subfield>
  </datafield>
  <datafield tag="700" ind1=" " ind2=" ">
    <subfield code="a"> Naze, Y.</subfield>
  </datafield>
  <datafield tag="700" ind1=" " ind2=" ">
    <subfield code="a"> Magain, P.</subfield>
  </datafield>
  <datafield tag="700" ind1=" " ind2=" ">
    <subfield code="a"> Exter, K.</subfield>
  </datafield>
  <datafield tag="700" ind1=" " ind2=" ">
    <subfield code="a"> Waelkens, C.</subfield>
  </datafield>
  <datafield tag="700" ind1=" " ind2=" ">
    <subfield code="a"> Groenewegen, M.</subfield>
  </datafield>
  <datafield tag="773" ind1=" " ind2=" ">
    <subfield code="p">Massive Stars: From alpha to Omega</subfield>
    <subfield code="y">2013</subfield>
    <subfield code="c">188</subfield>
  </datafield>
  <datafield tag="856" ind1="4" ind2="2">
    <subfield code="a">http://esoads.eso.org/abs/2013msao.confE.188V</subfield>
  </datafield>
  <datafield tag="905" ind1=" " ind2=" ">
    <subfield code="a">published in</subfield>
  </datafield>
  <datafield tag="980" ind1=" " ind2=" ">
    <subfield code="a">NONREF</subfield>
  </datafield>
</record>
</collection>